Statistics for United Kingdom Decoder

Click here to take the quiz!

General Stats

  • This quiz has been taken 23,621 times
    (16,314 since last reset)
  • The average score is 16 of 22

Answer Stats

Hint Answer % Correct
TLondon's riverThames
97%
EName of two queensElizabeth
96%
LHometown of the BeatlesLiverpool
92%
HBusiest airportHeathrow
92%
AReligious leader:
__________ of Canterbury
Archbishop
83%
BDog breed that often
represents the UK
Bulldog
83%
ALondon concert venue:
Royal _____ Hall
Albert
83%
UBob's your _____Uncle
80%
NAdmiral who died at TrafalgarNelson
79%
WAlso known as CymruWales
77%
E__________, my dear WatsonElementary
76%
RSport named for a town in
Warwickshire
Rugby
74%
TBiggest supermarket chainTesco
73%
I"Revolution" that began in Britain
circa 1770
Industrial
72%
NTallest mountain: Ben _____Nevis
70%
VEmpress of IndiaVictoria
69%
ACounterparts of the SaxonsAngles
68%
RCockney ______ slangRhyming
61%
SAnother word for a wrenchSpanner
57%
QuoteBritannia rule the waves
46%
IPlace to find The Angel in LondonIslington
43%
EThe Battle of Waterloo was won on
the playing-fields of ____
Eton
39%

Score Distribution

Percentile by Number Answered

Percent of People with Each Score

Your Score History

You have not taken this quiz since the last reset